[Event "Mechanics' Spring TNM; G/2"]
[Site "San Francisco"]
[Date "2017.05.02"]
[Round "8.27"]
[White "Simpkins, Jerry"]
[Black "Dupree, Charles"]
[Result "1-0"]
[WhiteElo "1513"]
[BlackElo "1636"]
[PlyCount "95"]
[EventDate "2017.??.??"]

1. e4 c5 2. f4 a6 3. e5 e6 4. d3 d5 5. c3 b5 6. Nf3 Nc6 7. Be2 Bb7 8. Na3 b4 9.
Nc2 a5 10. O-O Nge7 11. Be3 Nf5 12. g4 Nxe3 13. Nxe3 d4 14. cxd4 Nxd4 15. Nc4
h5 16. g5 Be7 17. Nfd2 Nxe2+ 18. Qxe2 Qd4+ 19. Rf2 Rd8 20. Ne4 Bxe4 21. dxe4 a4
22. h4 a3 23. Rb1 axb2 24. Rxb2 Qd1+ 25. Kg2 Qxe2 26. Rfxe2 Rd4 27. Rbc2 O-O
28. Kf3 f6 29. exf6 gxf6 30. Ke3 Rfd8 31. gxf6 Bxf6 32. e5 Rd3+ 33. Kf2 Bxh4+
34. Kf1 Rf3+ 35. Kg2 Rxf4 36. Nd6 Be7 37. Rxc5 Bxd6 38. exd6 Rxd6 39. Rxh5 Rd5
40. Rh6 e5 41. Re6 Rf5 42. Rb6 Rf4 43. Rb7 Kf8 44. Rc2 Ke8 45. Rc8+ Rd8 46.
Rcc7 Rd2+ 47. Kg3 Rxa2 $4 48. Rc8# 1-0

[Event "Mechanics' Fall TNM; G/2 d5"]
[Site "San Francisco"]
[Date "2017.10.24"]
[Round "1.12"]
[White "Simpkins, Jerry"]
[Black "Gaffagan, Steven"]
[Result "0-1"]
[WhiteElo "1548"]
[BlackElo "2070"]
[PlyCount "50"]
[EventDate "2017.??.??"]

1. e4 c5 2. f4 d5 3. e5 Nc6 4. d3 Nh6 5. c3 g6 6. Na3 Bg7 7. Nf3 O-O 8. Be2 Bg4
9. O-O Rb8 10. Ng5 Bc8 11. Nc2 f6 12. Nf3 d4 13. c4 fxe5 14. fxe5 Nf7 15. Bf4
Nfxe5 16. Nxe5 Nxe5 17. Bxe5 Bxe5 18. Rxf8+ Qxf8 19. Bg4 Qf4 20. Bf3 Qxh2+ 21.
Kf2 Bg3+ 22. Ke2 Bg4 23. Ne1 Bxf3+ 24. Kxf3 Rf8+ 25. Ke2 Rf2# 0-1

[Event "Mechanics' Peter Grey TNM; G/2 d5"]
[Site "San Francisco"]
[Date "2017.08.29"]
[Round "4.39"]
[White "Simpkins, Jerry"]
[Black "Garfield, Nicholas"]
[Result "1-0"]
[WhiteElo "1553"]
[BlackElo "1192"]
[PlyCount "63"]
[EventDate "2017.??.??"]

1. e4 e6 2. f4 d5 3. e5 Ne7 4. d3 c5 5. c3 Nbc6 6. Nf3 Bd7 7. Na3 Nf5 8. Nc2
Be7 9. Ne3 Qb6 10. Nxf5 exf5 11. Be2 O-O-O 12. O-O c4+ 13. d4 f6 14. Rb1 h6 15.
Kh1 g5 16. b3 g4 17. Nh4 Rdg8 18. Qe1 fxe5 19. fxe5 Bxh4 20. Qxh4 Nd8 21. Qf6
Qxf6 22. exf6 cxb3 23. Rxb3 Nf7 24. Ba3 Ng5 25. Bb5 Be6 26. Bd3 Ne4 27. Bxe4
dxe4 28. Rb2 Rg6 29. Be7 b6 30. d5 Bxd5 31. Rxf5 Bb7 32. f7 1-0

[Event "Mechanics' Summer TNM; G/2 d5"]
[Site "San Francisco"]
[Date "2017.05.23"]
[Round "1.14"]
[White "Simpkins, Jerry"]
[Black "Ivanov, Aleksandr"]
[Result "0-1"]
[WhiteElo "1476"]
[BlackElo "2092"]
[PlyCount "78"]
[EventDate "2017.??.??"]

1. e4 e6 2. f4 d5 3. e5 c5 4. d3 Nc6 5. c3 Be7 6. Nf3 Nh6 7. Na3 O-O 8. Nc2 d4
9. Be2 Bh4+ 10. g3 Be7 11. O-O f6 12. Na3 f5 13. Nd2 g5 14. Ndc4 g4 15. Re1 Rb8
16. Bf1 b5 17. Bg2 Qd7 18. Nd2 a6 19. c4 Nb4 20. Nf1 Bb7 21. Nc2 Bxg2 22. Kxg2
bxc4 23. Nxb4 Qb7+ 24. Kg1 Qxb4 25. dxc4 Qxc4 26. Nd2 Qd5 27. Qa4 Rb4 28. Qxa6
c4 29. a3 Rb5 30. Qa4 Rc8 31. Nf1 Rb3 32. Nd2 Re3 33. Rxe3 dxe3 34. Nf1 e2 35.
Be3 Bc5 36. Qa6 exf1=Q+ 37. Kxf1 Qf3+ 38. Ke1 Qxe3+ 39. Kd1 Rd8+ 0-1

[Event "Mechanics' Peter Grey TNM; G/2 d5"]
[Site "San Francisco"]
[Date "2017.09.05"]
[Round "5.19"]
[White "Simpkins, Jerry"]
[Black "Krasnov, Steven"]
[Result "1-0"]
[WhiteElo "1553"]
[BlackElo "2028"]
[Annotator "Donaldson"]
[PlyCount "41"]
[EventDate "2017.??.??"]

1. e4 e6 2. f4 d5 3. e5 c5 4. d3 Nc6 5. c3 Nh6 6. Nf3 Be7 7. Na3 O-O 8. Nc2 d4
9. c4 Qc7 10. g3 f6 11. Qe2 Bd7 (11... fxe5 12. fxe5 Nf7 {was more precise.})
12. Bg2 fxe5 13. fxe5 Ng4 (13... Nf7 $1) 14. Bf4 g5 $2 15. Nxg5 Ngxe5 (15...
Ncxe5 16. O-O $1) 16. Qh5 Bxg5 17. Qxg5+ Kh8 {Diagram [#]} 18. Bxc6 $2 {
This looks like it's winning, but Black has a way to turn the tables. Instead}
(18. Be4 {would have done the job,}) 18... Rxf4 $4 (18... Rf5 $3 {won!}) 19.
gxf4 Nxd3+ 20. Kd2 Bxc6 21. Qf6+ {
An impressive upset by big Jerry despite the one oversight.} 1-0

[Event "Mechanics' Summer TNM; G/2 d5"]
[Site "San Francisco"]
[Date "2017.06.06"]
[Round "3.25"]
[White "Simpkins, Jerry"]
[Black "McEnroe, Glenn"]
[Result "1-0"]
[WhiteElo "1476"]
[BlackElo "1511"]
[Annotator "Donaldson"]
[PlyCount "121"]
[EventDate "2017.??.??"]

1. e4 e6 2. f4 d5 3. e5 c5 4. d3 Nc6 5. c3 Nge7 6. Nf3 b6 7. Na3 Ng6 8. Nc2 Be7
9. Be2 O-O 10. O-O Qc7 11. g3 f6 12. d4 fxe5 13. fxe5 cxd4 14. cxd4 Bd7 15. Be3
Na5 16. Rc1 Rac8 17. Bd3 Be8 18. b3 Qb7 19. Qe2 b5 20. Bd2 Qb6 21. Bg5 Nc6 22.
Bxe7 Ncxe7 23. Ng5 a6 24. Rxf8+ Nxf8 25. Qg4 Bg6 26. Bxg6 Nexg6 27. Qe2 h6 28.
Nf3 Rc3 29. Rf1 Qc7 30. Nb4 Qb6 31. Qd2 Rc8 32. Nd3 Nd7 33. Qf2 Rf8 34. Qe3 Ne7
35. g4 Ng6 36. h4 Qd8 37. h5 Nh4 38. Nc5 Nxc5 39. dxc5 Nxf3+ 40. Rxf3 Rxf3 41.
Qxf3 Qc7 42. Qc3 a5 43. a3 b4 44. axb4 axb4 45. Qd4 Kf7 46. Kf2 Ke8 47. Kg3 Kd8
48. Kf4 Qf7+ 49. Ke3 Qc7 50. Kf4 Qb7 51. c6 Qxc6 52. Qxb4 Qd7 53. Qf8+ Kc7 54.
Qc5+ Kd8 55. b4 d4 56. Qd6 $4 {Diagram [#]} (56. Ke4) 56... d3 $4 (56... Qxd6
57. exd6 e5+ $1 {wins.}) 57. Ke3 d2 58. Qxd2 Qxd2+ 59. Kxd2 Kc7 60. Kc3 Kc6 61.
Kc4 1-0

[Event "Mechanics' Fall TNM; G/2 d5"]
[Site "San Francisco"]
[Date "2017.11.07"]
[Round "3.25"]
[White "Simpkins, Jerry"]
[Black "McKellar, Daniel"]
[Result "1/2-1/2"]
[WhiteElo "1548"]
[BlackElo "1810"]
[PlyCount "125"]
[EventDate "2017.??.??"]

1. e4 c5 2. f4 d5 3. e5 Nc6 4. d3 Bf5 5. c3 e6 6. Na3 Be7 7. Nc2 Nh6 8. Ne3 d4
9. Nxf5 Nxf5 10. c4 Rb8 11. Nf3 b5 12. cxb5 Rxb5 13. a4 Rb8 14. g3 Nb4 15. Bg2
Nd5 16. Qe2 Nfe3 17. Bxe3 Nxe3 18. Kf2 O-O 19. Rhb1 f6 20. Kg1 g5 21. exf6 Bxf6
22. fxg5 Bxg5 23. Ne5 Qd6 24. Nc6 Rbe8 25. Nxa7 Re7 26. Nb5 Qb6 27. Be4 e5 28.
b4 Ref7 29. bxc5 Qxc5 30. Rc1 Qe7 31. Rc7 Qf6 32. Rxf7 Rxf7 33. a5 Qa6 34. Qb2
Bd8 35. Qb3 Qf6 36. Bd5 Nxd5 37. Qxd5 Kh8 38. Qg2 Qh6 39. Qd5 Qf6 40. a6 Bb6
41. a7 Bxa7 42. Nxa7 Qf2+ 43. Kh1 Qf3+ 44. Qxf3 Rxf3 45. Rd1 Kg7 46. Nc6 Kf6
47. Kg2 Re3 48. Rf1+ Ke6 49. Rf3 Re2+ 50. Rf2 Re3 51. Nb4 e4 52. dxe4 Ke5 53.
Rd2 Rxe4 54. Nd3+ Kd5 55. Kf3 Re3+ 56. Kf4 Re4+ 57. Kf5 Re7 58. Kg5 Kc4 59. Kf6
Re3 60. Nf4 Kc3 61. Rd1 Rf3 62. Kg7 Rf2 63. h4 1/2-1/2

[Event "Mechanics' Winter TNM; G/2"]
[Site "San Francisco"]
[Date "2017.01.24"]
[Round "4.23"]
[White "Simpkins, Jerry"]
[Black "Olson, David"]
[Result "1-0"]
[WhiteElo "1513"]
[BlackElo "1400"]
[PlyCount "47"]
[EventDate "2017.??.??"]

1. e4 e5 2. Nf3 Nc6 3. Bc4 d6 4. Nc3 Nf6 5. Ng5 Be6 6. Bxe6 fxe6 7. Nxe6 Qd7 8.
Nd5 Kf7 9. Ng5+ Kg8 10. Nxf6+ gxf6 11. Nh3 h5 12. d3 Qg7 13. O-O Nd4 14. c3 Ne6
15. f4 Rd8 16. Qb3 Qf7 17. fxe5 dxe5 18. Rf3 Bc5+ 19. Kh1 Kh7 20. Bg5 Be7 21.
Raf1 Qg8 22. Bxf6 Bxf6 23. Rxf6 Nf4 24. Rf7+ 1-0

[Event "Mechanics' Fall TNM; G/2 d5"]
[Site "San Francisco"]
[Date "2017.12.19"]
[Round "9.21"]
[White "Simpkins, Jerry"]
[Black "Porlares, Teodoro"]
[Result "0-1"]
[WhiteElo "1548"]
[BlackElo "1854"]
[Annotator "Donaldson"]
[PlyCount "110"]
[EventDate "2017.??.??"]

1. e4 c6 2. f4 d5 3. e5 Bf5 4. d3 h5 5. Nf3 e6 6. c3 Nh6 7. Nbd2 Qb6 8. Nb3 Be7
9. Be2 Ng4 10. d4 Nd7 11. h3 Nh6 12. Ng5 g6 13. g4 Be4 14. Nxe4 dxe4 15. gxh5
$2 (15. Qc2 Bh4+ 16. Kd1) 15... Bh4+ 16. Kf1 Nf5 17. hxg6 Ng3+ (17... fxg6) 18.
Kg2 Nxh1 19. gxf7+ (19. Kxh1 fxg6 20. Bg4 Nf8 21. Nc5) 19... Kxf7 20. Bh5+ Ke7
21. Kxh1 Rag8 22. Bg4 c5 23. d5 (23. dxc5 Nxc5 24. Be3 Rc8 25. Qg1 $18) 23...
c4 24. d6+ Kd8 25. Nd4 Nc5 26. Qe2 {Diagram [#]} (26. Be3 Qxb2 27. Rb1 Qxa2 28.
Ra1) 26... Bf2 $1 27. Be3 $2 Bxe3 28. Bxe6 Nxe6 29. Nxe6+ Kd7 30. Ng5 Bxf4 31.
Qg4+ Kc6 32. Qxf4 Kb5 (32... Rxg5 $1 33. Qxg5 Qxb2) 33. a4+ (33. e6) (33. Rg1)
33... Ka5 34. e6 Qxb2 35. Qe5+ Ka6 36. Qb5+ (36. Rg1 Rxg5 37. Qxh8) 36... Qxb5
37. axb5+ Kb6 38. Rg1 Kxb5 39. Kh2 Kc6 40. Nxe4 (40. Nf7 $1) 40... Rxh3+ (40...
Rxg1 41. Kxg1 Rxh3 $2 (41... a5) 42. d7) 41. Kxh3 Rxg1 42. d7 $2 (42. e7 Rg8
43. Nf6 Rh8+ 44. Kg3 Kxd6 45. e8=Q Rxe8 46. Nxe8+ Kc5 47. Kf4 a5 48. Ke3 b5 49.
Kd2 b4 $11) 42... Rg8 43. Nf6 Rh8+ 44. Kg4 Kd6 45. Kf5 Rf8 46. Kg6 Kxe6 47. Kg7
Rd8 48. Kg6 Rxd7 49. Nxd7 Kxd7 50. Kf5 Kc6 51. Ke4 Kc5 52. Ke3 a5 53. Kd2 b5
54. Kc2 b4 55. cxb4+ axb4 0-1

[Event "Mechanics' Spring TNM; G/2"]
[Site "San Francisco"]
[Date "2017.04.04"]
[Round "4.32"]
[White "Simpkins, Jerry"]
[Black "Rakonitz, David"]
[Result "1-0"]
[WhiteElo "1513"]
[BlackElo "1717"]
[Annotator "Donaldson"]
[PlyCount "105"]
[EventDate "2017.??.??"]

1. e4 e6 2. f4 d5 3. e5 c5 4. d3 Nc6 5. c3 Nh6 6. Nf3 Be7 7. Be2 Nf5 8. O-O h5
9. Na3 Bd7 10. Nc2 d4 11. Nd2 h4 12. Ne4 Qb6 13. Na3 Na5 14. Bg4 O-O-O 15. Bxf5
exf5 16. Nd2 Kb8 17. Ndc4 Nxc4 18. Nxc4 Qc7 19. a4 Be6 20. Na3 a6 21. Qe2 Qc6
22. Qc2 Rc8 23. c4 Rcg8 24. Bd2 g5 25. Rab1 h3 26. Rf2 hxg2 27. Rxg2 g4 28. Be1
Rh3 29. Qd2 Qf3 30. Bg3 Rgh8 31. Nc2 Bh4 32. Ne1 Qc6 33. Bxh4 R8xh4 34. b4 cxb4
35. Qxb4 Ka7 36. a5 Qc7 37. Rgb2 Bc8 38. c5 g3 39. Nf3 Rxf4 40. Kg2 Rh5 41.
hxg3 Rg4 42. Qb6+ Qxb6 43. Rxb6 f4 44. c6 Rxg3+ 45. Kf2 Rg6 46. cxb7 Rxb6 {
Diagram [#]} 47. bxc8=N+ (47. bxc8=Q {also wins.}) 47... Kb7 48. Nxb6 Kc6 49.
Nxd4+ Kc5 50. Nf3 Rh8 51. d4+ Kc6 52. Rc1+ Kb7 53. d5 1-0

[Event "Mechanics' Fall TNM; G/2 d5"]
[Site "San Francisco"]
[Date "2017.12.05"]
[Round "7.29"]
[White "Simpkins, Jerry"]
[Black "Standen, Julian"]
[Result "1-0"]
[WhiteElo "1548"]
[BlackElo "1600"]
[PlyCount "55"]
[EventDate "2017.??.??"]

1. e4 c6 2. f4 d5 3. e5 Qb6 4. c3 e6 5. d3 Bc5 6. d4 Be7 7. Nf3 c5 8. Nbd2 cxd4
9. cxd4 Nc6 10. Nb3 Bd7 11. Be2 Bb4+ 12. Bd2 Nge7 13. O-O O-O 14. Bxb4 Nxb4 15.
a3 Nbc6 16. Nc5 Bc8 17. Bd3 g6 18. b4 Nf5 19. Qe2 Nfxd4 20. Nxd4 Nxd4 21. Qf2
Nf5 22. g4 Ng7 23. Qh4 f6 24. Rf3 Qc7 25. Rh3 Ne8 {Diagram [#]} 26. Bxg6 $1
hxg6 27. Qh8+ Kf7 28. Rh7+ 1-0

[Event "Mechanics' Peter Grey TNM; G/2 d5"]
[Site "San Francisco"]
[Date "2017.09.19"]
[Round "7.26"]
[White "Simpkins, Jerry"]
[Black "Tamondong, Cesar"]
[Result "0-1"]
[WhiteElo "1553"]
[BlackElo "1600"]
[PlyCount "100"]
[EventDate "2017.??.??"]

1. e4 c5 2. f4 e6 3. Nf3 d5 4. e5 Nc6 5. d3 Nge7 6. c3 g6 7. Na3 Bg7 8. Nc2 O-O
9. Be2 Nf5 10. O-O d4 11. c4 b6 12. Ng5 h6 13. Ne4 f6 14. Bf3 Bb7 15. g3 Rb8
16. Qe2 fxe5 17. fxe5 Nxe5 18. Bf4 Nxf3+ 19. Rxf3 e5 20. Bd2 Qe7 21. Raf1 Nd6
22. Rxf8+ Rxf8 23. Rxf8+ Qxf8 24. Nxd6 Qxd6 25. b4 Qc6 26. bxc5 bxc5 27. Kf2
Qg2+ 28. Ke1 Qg1+ 29. Qf1 Qxh2 30. Qf2 Qh1+ 31. Qf1 Qxf1+ 32. Kxf1 e4 33. dxe4
Bxe4 34. Ne1 g5 35. Ke2 Be5 36. g4 Kf7 37. Nf3 Bxf3+ 38. Kxf3 Ke6 39. Ke4 Bg3
40. Ba5 Bf4 41. Bd8 Bd2 42. Bc7 Kf6 43. Bb8 a6 44. Bd6 Bb4 45. Bf8 Kg6 46. Bd6
h5 47. gxh5+ Kxh5 48. Be5 g4 49. Kd3 Kh4 50. Ke4 Kh3 0-1

[Event "Mechanics' Peter Grey TNM; G/2 d5"]
[Site "San Francisco"]
[Date "2017.08.15"]
[Round "2.33"]
[White "Simpkins, Jerry"]
[Black "Valente, Marty J"]
[Result "1-0"]
[WhiteElo "1553"]
[BlackElo "1311"]
[Annotator "Donaldson"]
[PlyCount "81"]
[EventDate "2017.??.??"]

1. e4 c5 2. f4 Nc6 3. c3 g6 4. Nf3 Bg7 5. d3 d6 6. Be2 Nf6 7. O-O O-O 8. Na3 a6
9. Nc2 b5 10. Bd2 Bb7 11. Rb1 Qc7 12. Ne3 Rad8 13. f5 e6 14. fxe6 fxe6 15. Ng5
Qe7 16. Bg4 Bc8 17. Qb3 Nxg4 18. Nxg4 Kh8 19. Nf3 e5 20. Bg5 {Diagram [#]} Bf6
$2 (20... Qa7 $1 {maintains the balance:} 21. Bxd8 $4 c4+) 21. Bxf6+ Rxf6 22.
Nxf6 Qxf6 23. Nd4 Nxd4 24. Rxf6 Nxb3 25. axb3 Kg8 26. Rbf1 Bg4 27. Kf2 Kg7 28.
Ke3 Bd1 29. Rf7+ Kg8 30. b4 cxb4 31. cxb4 Bb3 32. Ra7 d5 33. exd5 Bxd5 34. g3
Be6 35. Rxa6 Bf5 36. Rd1 Rd4 37. Ra7 Rd8 38. Re7 e4 39. d4 h5 40. d5 Kf8 41.
Rb7 1-0

[Event "Mechanics' Winter TNM; G/2"]
[Site "San Francisco"]
[Date "2017.02.21"]
[Round "8.23"]
[White "Simpkins, Jerry"]
[Black "Wonsever, James"]
[Result "0-1"]
[WhiteElo "1513"]
[BlackElo "1827"]
[PlyCount "63"]
[EventDate "2017.??.??"]

1. e4 e5 2. Nf3 Nc6 3. Bc4 Bc5 4. c3 Nf6 5. Nxe5 $2 Nxe5 6. d4 Nxc4 7. dxc5 O-O
8. Qe2 Re8 9. f3 Ne5 10. Be3 b6 11. Na3 bxc5 12. Bxc5 d5 13. Rd1 c6 14. O-O Qc7
15. f4 Ned7 16. Bd4 Rxe4 17. Qf3 Ba6 18. Rf2 Rae8 19. Nc2 Be2 20. Rxe2 Rxe2 21.
Ne3 R2xe3 22. Bxe3 Ne4 23. Bd4 Rb8 24. Qg4 Ndf6 25. Be5 Qb6+ 26. Bd4 Nxg4 27.
Bxb6 Rxb6 28. h3 Ngf6 29. c4 h5 30. cxd5 cxd5 31. g4 hxg4 32. hxg4 0-1

[Event "Mechanics' Summer TNM; G/2 d5"]
[Site "San Francisco"]
[Date "2017.05.23"]
[Round "1.36"]
[White "Smith III, Robert"]
[Black "Garfield, Nicholas"]
[Result "1-0"]
[WhiteElo "1744"]
[BlackElo "1104"]
[PlyCount "63"]
[EventDate "2017.??.??"]

1. e4 e6 2. Qe2 c5 3. Nc3 Nc6 4. g3 Be7 5. Bg2 b6 6. d3 Bb7 7. f4 d6 8. Nf3 Nd4
9. Qd1 Nf6 10. Be3 e5 11. fxe5 Nxf3+ 12. Qxf3 dxe5 13. Nd5 Nxd5 14. exd5 Bg5
15. c4 O-O 16. h4 Bxe3 17. Qxe3 Re8 18. O-O-O Qd6 19. g4 b5 20. Kb1 bxc4 21.
dxc4 a5 22. Be4 Ba6 23. Qd3 g6 24. h5 Rab8 25. hxg6 hxg6 26. Rdf1 Rb4 27. Qh3
Kf8 {Diagram [#]} 28. Rxf7+ $1 Kxf7 29. Qh7+ Kf6 30. Qxg6+ Ke7 31. Rh7+ Kd8 32.
Qxd6+ 1-0

[Event "Mechanics' Summer TNM; G/2 d5"]
[Site "San Francisco"]
[Date "2017.07.18"]
[Round "8.10"]
[White "Smith III, Robert"]
[Black "Ivanov, Aleksandr"]
[Result "0-1"]
[WhiteElo "1744"]
[BlackElo "2092"]
[PlyCount "68"]
[EventDate "2017.??.??"]

1. e4 e6 2. Qe2 c5 3. Nc3 Nc6 4. g3 g6 5. Bg2 Bg7 6. f4 d6 7. Nf3 Nge7 8. d3
O-O 9. Be3 b5 10. e5 Rb8 11. exd6 Qxd6 12. Ne4 Qd8 13. c3 b4 14. O-O bxc3 15.
bxc3 Qa5 16. Rac1 Rd8 17. Nxc5 Nd5 18. d4 Nxc3 19. Qd2 Nd5 20. Nxe6 Bxe6 21.
Rxc6 Qa3 22. Bf2 Rb2 23. Rc2 Rxc2 24. Qxc2 Nb4 25. Qc7 Rc8 26. Qb7 Rc2 27. d5
Bxd5 28. Qxa7 Qb2 29. Qb8+ Bf8 30. a4 Qc3 31. Bd4 Rxg2+ 32. Kxg2 Qxd4 33. Kh3
Qd3 34. Qb5 Bc4 0-1

[Event "Mechanics' Summer TNM; G/2 d5"]
[Site "San Francisco"]
[Date "2017.05.30"]
[Round "2.10"]
[White "Smith III, Robert"]
[Black "Sevall, Jacob Came"]
[Result "0-1"]
[WhiteElo "1744"]
[BlackElo "2126"]
[PlyCount "44"]
[EventDate "2017.??.??"]

1. e4 c5 2. Nc3 Nc6 3. g3 e5 4. Bg2 a6 5. Nge2 d6 6. O-O Nf6 7. d3 b5 8. h3 Be7
9. f4 exf4 10. e5 Nxe5 11. Bxa8 Bxh3 12. Bg2 Bxg2 13. Kxg2 f3+ 14. Rxf3 Nxf3
15. Kxf3 O-O 16. Bd2 Qa8+ 17. Ne4 Nxe4 18. dxe4 f5 19. Nc3 fxe4+ 20. Ke2 e3 21.
Be1 Qf3+ 22. Kd3 e2+ 0-1

[Event "Mechanics' Summer TNM; G/2 d5"]
[Site "San Francisco"]
[Date "2017.06.27"]
[Round "6.11"]
[White "Smith III, Robert"]
[Black "Vickers, Keith"]
[Result "1/2-1/2"]
[WhiteElo "1744"]
[BlackElo "2200"]
[PlyCount "110"]
[EventDate "2017.??.??"]

1. e4 d5 2. exd5 Qxd5 3. Nc3 Qd6 4. Nf3 Nf6 5. Bc4 a6 6. d4 b5 7. Be2 Bb7 8. h3
Nbd7 9. Bg5 e6 10. O-O Be7 11. Qd2 O-O 12. Rad1 Rfe8 13. Rfe1 Rad8 14. Bf4 Qb6
15. Ne5 c5 16. dxc5 Bxc5 17. Nd3 Nf8 18. Bg3 Bd6 19. Bxd6 Rxd6 20. Qf4 Ng6 21.
Qg3 Red8 22. a3 a5 23. Bf3 Bc6 24. Ne4 Nxe4 25. Bxe4 b4 26. axb4 Bxe4 27. Rxe4
Qc6 28. Re2 axb4 29. Rde1 Rd4 30. b3 h6 31. Ne5 Nxe5 32. Qxe5 Rd2 33. Rxd2 Rxd2
34. Qb8+ Kh7 35. Qxb4 Qxc2 36. Qe4+ Qxe4 37. Rxe4 Rb2 38. Rb4 Kg6 39. Rb8 h5
40. h4 Kf5 41. g3 f6 42. Kg2 e5 43. Kf3 e4+ 44. Ke3 g5 45. hxg5 fxg5 46. b4
Rb3+ 47. Ke2 Kg4 48. b5 Kh3 49. b6 Kg2 50. Rh8 Rxb6 51. Rxh5 Rb2+ 52. Ke3 Rxf2
53. Rxg5 Rf3+ 54. Kxe4 Rxg3 55. Rxg3+ Kxg3 1/2-1/2

[Event "Mechanics' Peter Grey TNM; G/2 d5"]
[Site "San Francisco"]
[Date "2017.08.22"]
[Round "3.37"]
[White "Snyder, Larry"]
[Black "Bayaraa, Timothy"]
[Result "1-0"]
[WhiteElo "2074"]
[BlackElo "782"]
[PlyCount "77"]
[EventDate "2017.??.??"]

1. Nf3 Nc6 2. d4 d5 3. Bf4 Bf5 4. e3 Nf6 5. c4 dxc4 6. Bxc4 e6 7. Nc3 Bd6 8.
Ne5 O-O 9. O-O Ne4 10. Nxc6 bxc6 11. Bg3 Qg5 12. Bd3 Nxg3 13. hxg3 e5 14. Bxf5
Qxf5 15. Rc1 exd4 16. Qxd4 Bc5 17. Qe4 Qh5 18. Qxc6 Bd6 19. Qf3 Qh6 20. Nb5
Rac8 21. b3 a6 22. Nd4 c5 23. Nf5 Qg6 24. Rc4 Qe6 25. Nxd6 Qxd6 26. Rd1 Qb6 27.
Qe2 Rcd8 28. Rdc1 Qb5 29. Qc2 Rc8 30. Rxc5 Rxc5 31. Qxc5 Qxc5 32. Rxc5 g6 33.
Ra5 Rd8 34. Rxa6 Rd2 35. b4 Rb2 36. a3 Kf8 37. Ra5 Ke7 38. b5 Kd6 39. a4 1-0

[Event "Mechanics' Peter Grey TNM; G/2 d5"]
[Site "San Francisco"]
[Date "2017.09.12"]
[Round "6.9"]
[White "Snyder, Larry"]
[Black "Clemens, Kristian"]
[Result "1/2-1/2"]
[WhiteElo "2074"]
[BlackElo "1902"]
[Annotator "Donaldson"]
[PlyCount "85"]
[EventDate "2017.??.??"]

1. Nf3 d5 2. g3 Nf6 3. Bg2 Bf5 4. O-O e6 5. c4 c6 6. b3 Nbd7 7. Bb2 Bd6 8. Nc3
O-O 9. d3 Re8 10. Re1 Bc5 11. d4 Bb4 12. a3 Bd6 13. Nh4 Bg4 14. Qd2 dxc4 15.
bxc4 e5 16. e3 exd4 17. exd4 Qc7 18. Bf3 Bxf3 19. Nxf3 a6 20. Qd3 c5 21. d5 Ne5
22. Nxe5 Bxe5 23. Na4 Bxb2 24. Nxb2 Qa5 25. Kf1 Ng4 26. Rxe8+ Rxe8 27. h3 Ne5
28. Qe3 Kf8 29. Re1 Re7 30. Nd3 Nc6 $2 {Diagram [#]} (30... Ng6) 31. Qxc5 (31.
Qf4 $1 Rxe1+ 32. Nxe1 Nd4 33. Qd6+ Ke8 34. Nd3 $18) 31... Qxc5 32. Nxc5 Rxe1+
33. Kxe1 Na5 34. Ke2 Nxc4 35. Nxb7 Nxa3 36. Kd3 Ke7 37. Kd4 Nb5+ 38. Kc5 Kd7
39. Na5 Nc3 40. Kd4 Nb5+ 41. Kc5 Nc3 42. Kd4 Nb5+ 43. Kc5 1/2-1/2

[Event "Mechanics' Peter Grey TNM; G/2 d5"]
[Site "San Francisco"]
[Date "2017.09.19"]
[Round "7.8"]
[White "Snyder, Larry"]
[Black "Marcus, Joel"]
[Result "1-0"]
[WhiteElo "2074"]
[BlackElo "1912"]
[PlyCount "89"]
[EventDate "2017.??.??"]

1. e4 d6 2. d4 Nf6 3. Nc3 Nbd7 4. Nf3 e5 5. Bc4 Be7 6. O-O h6 7. a4 a5 8. Re1
c6 9. h3 Qc7 10. dxe5 dxe5 11. Nh4 Nc5 12. Nf5 Bxf5 13. exf5 O-O 14. Qe2 Rfe8
15. Be3 b6 16. Rad1 e4 17. Bd4 Qf4 18. b3 Qxf5 19. Nb1 Rad8 20. Bb2 Bd6 21. Nd2
Qf4 22. Nf1 Ne6 23. Bxf6 Qxf6 24. Qxe4 Ng5 25. Qg4 Bc5 26. Ne3 Rxd1 27. Qxd1
Rd8 28. Bd3 Ne4 29. Qe2 Ng5 30. Qg4 g6 31. h4 Ne6 32. g3 h5 33. Qe4 Bb4 34. Rd1
Bc5 35. Qxc6 Rd6 36. Qe4 Nd4 37. Kg2 Re6 38. Qf4 Qd8 39. Bc4 Rf6 40. Qe5 Qa8+
41. Bd5 Qd8 42. c3 Nf5 43. Bxf7+ Kh7 44. Rxd8 Nxe3+ 45. fxe3 1-0